00321nam a2200133Ia 4500008004100000082001000041100004100051245002400092250000600116260000900122300000800131630002400139730002400163100204s9999 xx 000 0 und d b28065 aभावे उर्मिला aअशी भेट a0 c2008 a240 aअशी भेट aअशी भेट